|
|
|
|
| LEADER |
01088nam a22002657a 4500 |
| 001 |
40055 |
| 003 |
BD-DhAAL |
| 008 |
221116t2012 gw a|||| |||| 001 0 eng d |
| 999 |
|
|
|c 45054
|d 45054
|
| 020 |
|
|
|a 9783943310009
|
| 040 |
|
|
|a BD-DhAAL
|c BD-DhAAL
|
| 082 |
|
|
|a 338.927095492
|2 23
|
| 100 |
|
|
|a Wimmer, Nancy
|9 52370
|
| 245 |
|
|
|a Green energy for a billion poor :
|b how Grameen Shakti created a winning model for social business /
|c Nancy Wimmer.
|
| 260 |
|
|
|a Vaterstetten :
|b MCRE Verlag,
|c c2012.
|
| 300 |
|
|
|a 225 pages :
|b illustrations ;
|c 22 cm.
|
| 500 |
|
|
|a Includes index.
|
| 541 |
|
|
|a Donated By Akbar Ali Khan
|e 40055
|
| 650 |
|
|
|a Sustainable development
|z Bangladesh.
|9 52371
|
| 650 |
|
|
|a Industries
|x Social aspects
|z Bangladesh.
|9 52372
|
| 650 |
|
|
|a Rural development
|z Bangladesh.
|9 52373
|
| 650 |
|
|
|a Economics.
|9 52374
|
| 852 |
|
|
|a Ayesha Abed Library
|c Akbar Ali Khan Collection
|
| 942 |
|
|
|2 ddc
|c BK
|
| 952 |
|
|
|0 0
|1 0
|2 ddc
|4 0
|6 338_927095492000000_WIM
|7 1
|9 72346
|a BRACUL
|b BRACUL
|c CS1
|d 2022-11-16
|e Donated by Akbar Ali Khan
|l 0
|o 338.927095492 WIM
|p 3010040055
|r 2022-11-16
|t 1
|w 2022-11-16
|y BK
|